1258 1628 1704 1311 1621 1423 1115 1004 1304 1617 1869 1124 1358 1041 1546 1098 1191 1272 1557 1656 1882 1523 1401 1918 1784 1442 1677 1245 1368 1603 1646 1718 1426 1733 1573 1161 1467 1452 1212 1574 1905 1648 1582 1616 1179 1865 1920 1663 1572 1330 1784 1600 1176 1119 1421 1385 1708 1907 1927 1241 1742 1933 1688 1008 1992 1404 1830 1025 1055 1394 1838 1802 1813 1837 1231 1847 1182 1634 1374 1129 1981 1139 1538 1816 1311 1069 1990 1695 1579 1543 1609 1783 1167 1662 1058 1906 1325 1849 1211 BCNSPRNW ULIB Ver.6.0+V

เปลี่ยนเป็นภาษาไทย

Change to English
 แสดงรายละเอียดบรรณานุกรม
  กลับหน้าหลัก

Brief Record : Get Marc (ISO 2709) : E-mail record : QR code < ปิดหน้าต่าง
LEADER : 00000nam 2200000uu 4500
001    13399127126
003     ULIB
008    020711s2019 th a 000 0 eng d
020    ^a9780323676625
060    ^aWB141.5^bD132A
100    ^aDAINS, JOYCE E.
245    ^aADVANCED HEALTH ASSESSMENT & CLINICAL DIAGNOS IS IN PRIMARY CARE
250    ^a6th ed
260    ^aLouis, Missouri :^bElsevier,^c2019
300    ^a630 pages;^b21 cm
650    ^aDiagnosis,Differential
650    ^aDiagnostic Techniques and Procedures
650    ^aPrimary Health Care
945    ^p3320^l0^i006316
999    ^aประนอม เกษจรัล
รายการนี้ยังไม่มีแท็ก
คุณยังไม่ได้ล็อกอิน คุณสามารถมีกิจกรรมร่วมกับเว็บไซต์ได้ แต่ต้องล็อกอินก่อน ::
  ล็อกอิน

รายการสื่อสารสนเทศ

ลำดับที่ ประเภท เลขเรียก/บาร์โค้ด สถานที่ สถานะ
1. วิทยาศาสตร์การแพทย์ และสุขภาพ
วิทยาศาสตร์การแพทย์ และสุขภาพ
WB141.5 D132A ฉ.1 
  Barcode: 006316
ห้องสมุดวิทยาเขตสวรรค์ประชารักษ์
►หนังสือทั่วไป
บนชั้น

รายการใกล้เคียง
    ผู้แต่ง [DAINS, JOYCE E.]

    หัวเรื่อง [Diagnosis,Differential]
    หัวเรื่อง [Diagnostic Techniques and Procedures]
    หัวเรื่อง [Primary Health Care]

BibComment


ยังไม่เคยถูกคอมเมนท์

คอมเมนท์ทรัพยากรรายการนี้
  คอมเมนท์: ADVANCED HEALTH ..


 Copyright 2026. Bcnsprnw @Library